000 00470nam a2200181Ia 4500
008 230711s9999||||xx |||||||||||||| ||und||
020 _a978-81-219-4298-0
041 _aENG
082 _a621.3
_bME-P
100 _aMehta,V.K
245 0 _aPrinciples of Electrical Engineering and electronics
250 _a1st Ed.
260 _c2013
_aNew Delhi
_bS.Chand & Company Ltd
300 _a939p.
650 _aElectrical Engineering
700 _aMehta,Rohit
942 _cBK
999 _c6626
_d6626